000 00460cam a22001815a 4500
001 L152185
008 1982
035 _a(Sirsi) u152185
041 _aeng
050 _a025.4669
100 _aRoyal Institute of British Architects
_92527
245 _aArchitectural keywords
260 _aLondon
_bRIBA Publications
_c1982
300 _a256p. 30cm
651 4 _aENGLAND AND WALES
942 _n0
948 _c04/03/1997
999 _c111912
_d111912